[Event "Reggio Emilia ITA"]
[Site "Reggio Emilia ITA"]
[Date "1992.??.??"]
[Round "?"]
[White "Kasparov, Gary"]
[Black "Beliavsky, Alexander G"]
[Result "1-0"]
[WhiteElo "2780"]
[BlackElo "2620"]
[PlyCount "53"]
[EventDate "1992.??.??"]
[Source "www.chesslib.no"]
[SourceDate "2004.05.04"]

1. c4 Nf6 2. Nc3 c5 3. g3 g6 4. Bg2 Bg7 5. a3 Nc6 6. Rb1 a5 7. d3 O-O 8. Bg5 d6 9. Nf3 h6 10. Bd2 Be6 11. h3 d5 12. cxd5 Nxd5 13. O-O Nd4 14. e4 Nxf3+ 15. Qxf3 Nc7 16. e5 Bf5 17. Rbd1 Ne6 18. Qxb7 Rb8 19. Qa7 Bxd3 20. Rfe1 Nd4 21. Nd5 Nb3 22. Nxe7+ Kh7 23. Be3 Bxe5 24. Nc6 Qf6 25. Nxe5 Qxe5 26. Bf4 Qd4 27. Bxb8 1-0

[Event "Europa ch 2008"]
[Site "Plovdiv BUL"]
[Date "2008.04.30"]
[Round "9.10"]
[White "Gurevich, Mikhail"]
[Black "Timofeev, Artyom"]
[Result "1/2-1/2"]
[WhiteElo "2611"]
[BlackElo "2664"]
[PlyCount "164"]
[EventDate "2008.04.21"]
[Source "www.chesslib.no"]
[SourceDate "2004.05.04"]

1. c4 Nf6 2. Nc3 c5 3. g3 g6 4. Bg2 Bg7 5. a3 Nc6 6. Rb1 O-O 7. b4 cxb4 8. axb4 a5 9. bxa5 Qxa5 10. Nf3 Ng4 11. Rb5 Qa1 12. Bb2 Qxd1+ 13. Nxd1 Bxb2 14. Rxb2 Rd8 15. O-O Nf6 16. Ne3 Ra4 17. Bh3 e6 18. Rfb1 Kf8 19. d3 d6 20. Nd2 Nd4 21. Nb3 Nxb3 22. Rxb3 Nd7 23. Bg2 Nc5 24. R3b2 Ra3 25. Nc2 Ra4 26. f4 Ke7 27. Ne3 Ra3 28. Kf2 Rd7 29. Nc2 Ra6 30. d4 Na4 31. Rb3 Ra7 32. Ra1 Rc7 33. Rb4 Bd7 34. Ne3 b6 35. Ra3 Ra5 36. Bf3 Nc5 37. Rc3 Na4 38. Rcb3 h5 39. Be4 b5 40. cxb5 Nb6 41. Bd3 d5 42. Rb1 Kd6 43. h3 Ra3 44. g4 hxg4 45. hxg4 Na4 46. g5 Nc3 47. R1b3 Na2 48. Rxa3 Nxb4 49. Rb3 Nxd3+ 50. exd3 Rb7 51. b6 Ba4 52. Rb4 Be8 53. Ng4 Bc6 54. Ke3 Be8 55. Kd2 Bc6 56. Kc3 Be8 57. Rb2 Bc6 58. Ne5 Be8 59. Ra2 Rxb6 60. Ra7 Rb1 61. Nxf7+ Bxf7 62. Rxf7 Rh1 63. Rf6 Rh4 64. Kd2 Ke7 65. Ke2 Rh2+ 66. Ke3 Rh3+ 67. Kd2 Rh4 68. Kc3 Kd6 69. Kb4 Rg4 70. Kb5 Rh4 71. Kb4 Rg4 72. Kb3 Rh4 73. Kc3 Ke7 74. Rxg6 Rxf4 75. Rg7+ Kf8 76. Rh7 Rg4 77. Rh6 Kf7 78. Rf6+ Ke7 79. Rg6 Kf7 80. Rf6+ Ke7 81. Rg6 Kf7 82. Rf6+ Ke7 1/2-1/2

[Event "Moscow ol (Men)"]
[Site "Moscow"]
[Date "1994.??.??"]
[Round "7"]
[White "Illescas Cordoba, Miguel"]
[Black "Topalov, Veselin"]
[Result "1/2-1/2"]
[WhiteElo "2590"]
[BlackElo "2645"]
[PlyCount "82"]
[EventDate "1994.11.??"]
[Source "ChessBase"]

1. c4 Nf6 2. Nc3 g6 3. g3 Bg7 4. Bg2 c5 5. e3 d6 6. Nge2 O-O 7. O-O Nc6 8. d3 Bd7 9. a3 Qc8 10. Nf4 Rb8 11. b4 Nh5 12. Nfe2 cxb4 13. axb4 a6 14. b5 axb5 15. cxb5 Nd8 16. d4 Re8 17. Qb3 Bh3 18. e4 Bxg2 19. Kxg2 e5 20. d5 f5 21. f3 Nf7 22. b6 Bf6 23. Nb5 Qd7 24. Nc7 Re7 25. Ra2 Ng7 26. Qa4 Ne8 27. Qxd7 Rxd7 28. Nxe8 Rxe8 29. Be3 h5 30. Rc1 fxe4 31. fxe4 Bg5 32. Rc3 Bxe3 33. Rxe3 Ng5 34. h4 Nh7 35. Ng1 Rc8 36. Nf3 Rc4 37. Ree2 Rf7 38. Rac2 Rb4 39. Rb2 Rc4 40. Rbc2 Rb4 41. Rb2 Ra4 1/2-1/2

[Event "Venacu FRA, 1. Open"]
[Site "?"]
[Date "2005.10.29"]
[Round "9"]
[White "Gurevich Mikhail"]
[Black "Markowski Tomasz"]
[Result "1-0"]
[WhiteElo "2652"]
[BlackElo "2582"]
[PlyCount "83"]
[EventDate "2005.??.??"]
[Source "www.chesslib.no"]
[SourceDate "2004.05.04"]

1. c4 e5 2. g3 d6 3. Bg2 c5 4. Nc3 Nc6 5. e3 g6 6. Nge2 Bg7 7. d3 Nge7 8. b3 Be6 9. Nd5 Bxd5 10. cxd5 Qa5+ 11. Bd2 Nb4 12. O-O Qb6 13. e4 O-O 14. a3 Nxd3 15. Qc2 Qa6 16. Rab1 Rac8 17. Qc4 f5 18. Bg5 Rc7 19. Nc3 Qxc4 20. bxc4 Nc8 21. Nb5 Rcf7 22. Bh3 h6 23. Bd2 Kh7 24. exf5 gxf5 25. f3 a6 26. Nc3 b5 27. cxb5 axb5 28. Nxb5 c4 29. Ba5 Re8 30. Nc7 Ree7 31. Rb8 Na7 32. Ne6 Kg6 33. Rfb1 e4 34. fxe4 fxe4 35. Bg2 Kf5 36. Rf1+ Ke5 37. Rxf7 Rxf7 38. Nxg7 Kxd5 39. Ne8 Nc6 40. Rb5+ Kd4 41. Nxd6 Re7 42. Nf5# 1-0

[Event "Sukhumi"]
[Site "Sukhumi"]
[Date "1972.08.21"]
[Round "5"]
[White "Huebner, Robert"]
[Black "Tal, Mihail"]
[Result "1/2-1/2"]
[WhiteElo "2590"]
[BlackElo "2625"]
[PlyCount "22"]
[EventDate "1972.??.??"]
[Source "www.chesslib.no"]
[SourceDate "2004.05.04"]

1. c4 g6 2. Nf3 Bg7 3. g3 c5 4. Bg2 Nc6 5. O-O e6 6. Nc3 Nge7 7. e3 O-O 8. d4 cxd4 9. Nxd4 d5 10. cxd5 Nxd4 11. exd4 Nxd5 1/2-1/2

[Event "Baden-Baden"]
[Site "Baden-Baden"]
[Date "1992.??.??"]
[Round "1"]
[White "Hertneck, Gerald"]
[Black "Huebner, Robert"]
[Result "0-1"]
[WhiteElo "2560"]
[BlackElo "2630"]
[PlyCount "44"]
[EventDate "1992.12.??"]
[Source "ChessBase"]

1. c4 c5 2. Nc3 g6 3. g3 Bg7 4. Bg2 e6 5. e3 Ne7 6. Nge2 Nbc6 7. O-O O-O 8. Rb1 d5 9. d3 b6 10. a3 dxc4 11. dxc4 Qxd1 12. Rxd1 Ba6 13. b4 Bxc4 14. b5 Rad8 15. Rxd8 Nxd8 16. a4 f5 17. Ba3 Nf7 18. a5 Rd8 19. Bf1 Rd2 20. Rc1 Nd6 21. axb6 axb6 22. Nb1 Ra2 0-1

[Event "PCA-op"]
[Site "New York"]
[Date "1994.??.??"]
[Round "10"]
[White "Azmaiparashvili, Zurab"]
[Black "Van Wely, Loek"]
[Result "1/2-1/2"]
[WhiteElo "2625"]
[BlackElo "2560"]
[PlyCount "84"]
[EventDate "1994.??.??"]
[Source "ChessBase"]

1. c4 g6 2. Nc3 Bg7 3. g3 Nf6 4. Bg2 O-O 5. e4 d6 6. Nge2 c5 7. O-O Nc6 8. d3 Bg4 9. f3 Bd7 10. Be3 a6 11. a4 Rb8 12. Qd2 Ne8 13. Rab1 Nc7 14. d4 cxd4 15. Nxd4 Nxd4 16. Bxd4 Bxd4+ 17. Qxd4 b5 18. axb5 axb5 19. Qd3 bxc4 20. Qxc4 Be6 21. Qe2 Rb4 22. Rfc1 Qb8 23. f4 Nb5 24. Nxb5 Rxb5 25. Rc2 Qb6+ 26. Qf2 Qxf2+ 27. Kxf2 Rfb8 28. Bf3 Rb3 29. Rd2 f5 30. exf5 gxf5 31. Bd5 Bxd5 32. Rxd5 Rxb2+ 33. Rxb2 Rxb2+ 34. Kg1 Kf7 35. Rxf5+ Ke6 36. Rh5 d5 37. Kf1 d4 38. Ke1 Rg2 39. Rxh7 Kd5 40. Rf7 Rxh2 41. g4 Rg2 42. g5 Rg4 1/2-1/2

[Event "Cannes op"]
[Site "Cannes"]
[Date "1996.??.??"]
[Round "7"]
[White "Minasian, Artashes"]
[Black "Tkachiev, Vladislav"]
[Result "1/2-1/2"]
[WhiteElo "2580"]
[BlackElo "2600"]
[PlyCount "95"]
[EventDate "1996.02.??"]
[Source "ChessBase"]

1. c4 g6 2. Nc3 Bg7 3. g3 Nf6 4. Bg2 O-O 5. e4 c5 6. Nge2 Nc6 7. d3 a6 8. f4 Rb8 9. h3 Ne8 10. g4 b5 11. O-O Nd4 12. f5 d6 13. cxb5 axb5 14. Bg5 Nc7 15. Qd2 Nxe2+ 16. Nxe2 b4 17. Bh6 Nb5 18. Bxg7 Kxg7 19. Nf4 Nd4 20. Rf2 f6 21. h4 e5 22. Nd5 Bb7 23. Ne3 Rc8 24. Raf1 Rc7 25. g5 Rcf7 26. Ng4 fxg5 27. hxg5 gxf5 28. exf5 Bxg2 29. f6+ Kh8 30. Rxg2 Ne6 31. g6 Rxf6 32. Nxf6 Rxf6 33. Rxf6 Qxf6 34. Qh6 Qg7 35. Qh3 Qe7 36. gxh7 Ng7 37. Qh6 e4 38. dxe4 Qe5 39. Rxg7 Qxg7+ 40. Qxg7+ Kxg7 41. Kf2 b3 42. axb3 Kxh7 43. Ke3 Kg6 44. b4 cxb4 45. Kd4 Kf6 46. Kd5 Ke7 47. e5 dxe5 48. Kxe5 1/2-1/2

[Event "Warsaw (Poland)"]
[Site "?"]
[Date "2003.??.??"]
[Round "2"]
[White "Cyborowski Lukasz"]
[Black "Macieja Bartlomiej"]
[Result "1/2-1/2"]
[WhiteElo "2564"]
[BlackElo "2613"]
[PlyCount "29"]
[EventDate "2003.??.??"]
[Source "www.chesslib.no"]
[SourceDate "2004.05.04"]

1. Nf3 c5 2. g3 g6 3. Bg2 Bg7 4. O-O Nc6 5. c4 e6 6. Nc3 Nge7 7. e3 O-O 8. d4 cxd4 9. Nxd4 d5 10. cxd5 Nxd4 11. exd4 Nxd5 12. Nxd5 exd5 13. Be3 Be6 14. Qb3 Qb6 15. Rfc1 1/2-1/2

[Event "Korinthos m"]
[Site "Korinthos"]
[Date "2002.05.14"]
[Round "3"]
[White "Gurevich, Mikhail"]
[Black "Banikas, Hristos"]
[Result "0-1"]
[WhiteElo "2641"]
[BlackElo "2523"]
[PlyCount "106"]
[EventDate "2002.05.13"]
[Source "ChessBase"]
[SourceDate "2002.09.20"]

1. c4 c5 2. g3 g6 3. Bg2 Bg7 4. Nc3 d6 5. e3 Nf6 6. Nge2 O-O 7. O-O Nc6 8. d3 e6 9. e4 Nd7 10. Rb1 a6 11. Be3 Rb8 12. d4 cxd4 13. Nxd4 Qc7 14. Rc1 Nc5 15. b3 Ne5 16. Qe2 f5 17. exf5 gxf5 18. Rcd1 Qe7 19. Rfe1 Kh8 20. Bc1 Bd7 21. f4 Ng6 22. Bb2 e5 23. Nf3 Rbe8 24. fxe5 dxe5 25. Nd5 Qd8 26. Ba3 b6 27. Qf2 e4 28. Nxb6 exf3 29. Bxc5 Rxe1+ 30. Qxe1 Re8 31. Qd2 Re2 32. Qxd7 Rxg2+ 33. Kf1 Qxd7 34. Rxd7 h5 35. Nd5 Rxa2 36. Ne3 Ne5 37. Rd8+ Kh7 38. Nxf5 Ra1+ 39. Kf2 Ra2+ 40. Ke3 f2 41. Rd1 Ng4+ 42. Ke4 Re2+ 43. Kf4 Re1 44. Rd7 f1=Q+ 45. Kg5 Qxf5+ 46. Kxf5 Re5+ 47. Kf4 Rxc5 48. h3 Nf6 49. Rd6 a5 50. Ra6 Kg6 51. g4 hxg4 52. hxg4 Rg5 53. Kf3 Bf8 0-1

[Event "Moscow RUS"]
[Site "?"]
[Date "2005.02.16"]
[Round "2"]
[White "Rustemov Alexander"]
[Black "Nataf Igor Alexandre"]
[Result "1/2-1/2"]
[WhiteElo "2598"]
[BlackElo "2557"]
[PlyCount "70"]
[EventDate "2005.??.??"]
[Source "www.chesslib.no"]
[SourceDate "2004.05.04"]

1. c4 g6 2. Nc3 Bg7 3. g3 Nf6 4. Bg2 O-O 5. e4 c5 6. Nge2 Nc6 7. O-O Ne8 8. d3 Nc7 9. Be3 Ne6 10. Qd2 Ned4 11. f4 d6 12. h3 Rb8 13. g4 Nxe2+ 14. Qxe2 Nd4 15. Qf2 b5 16. Rac1 bxc4 17. dxc4 f5 18. exf5 gxf5 19. g5 Bd7 20. h4 Be8 21. Kh2 Bh5 22. b3 e5 23. Bd5+ Kh8 24. Kg2 Qe8 25. Rfe1 a6 26. fxe5 dxe5 27. Bf4 e4 28. Qg3 Rd8 29. Re3 Ne6 30. Rf1 Nxf4+ 31. Rxf4 Qe5 32. Qf2 Qd4 33. Be6 Qe5 34. Bd5 Qd4 35. Be6 Qe5 1/2-1/2

[Event "Minsk"]
[Site "?"]
[Date "1979.??.??"]
[Round "?"]
[White "Georgadze, Tamaz V"]
[Black "Tal, Mikhail N"]
[Result "1-0"]
[WhiteElo "2535"]
[BlackElo "2615"]
[PlyCount "123"]
[EventDate "1979.??.??"]
[Source "www.chesslib.no"]
[SourceDate "2004.05.04"]

1. c4 g6 2. Nc3 Bg7 3. g3 Nf6 4. Bg2 O-O 5. e4 c5 6. f4 Nc6 7. Nf3 b6 8. O-O Bb7 9. d3 e6 10. h3 d5 11. cxd5 exd5 12. e5 Ne8 13. d4 Nxd4 14. Nxd4 cxd4 15. Qxd4 Nd6 16. Rd1 Ne4 17. Nxe4 dxe4 18. Be3 Qxd4 19. Bxd4 Rac8 20. Bc3 Rc7 21. Rd6 Rfc8 22. Rad1 Bf8 23. Rd8 Rxd8 24. Rxd8 Rc8 25. Rxc8 Bxc8 26. Bd4 Be7 27. a3 Kf8 28. Kf2 Bd8 29. Ke3 Ke7 30. Bf1 Bb7 31. g4 h5 32. gxh5 gxh5 33. Be2 Bc8 34. Bxh5 Bxh3 35. Be2 Bf5 36. Bb5 Bg6 37. Bc6 Ke6 38. Bxe4 Bh4 39. Bb7 Bb1 40. Bc8+ Kd5 41. Bc3 Be7 42. Bb7+ Kc4 43. Be4 Bc5+ 44. Kf3 Ba2 45. Bf5 Bxa3 46. e6 Be7 47. exf7 Kc5 48. Bg6 Bf8 49. Kg4 a5 50. Bh8 Bd5 51. f5 Kd6 52. f6 Ke5 53. Bg7 Bb4 54. Bh5 Bb3 55. Kg3 Kf5 56. Bg4+ Kg5 57. f8=Q Bxf8 58. Bxf8 Kxf6 59. Kf4 Bc2 60. Bd6 a4 61. Bd7 Bb3 62. Ke4 1-0

[Event "Aeroflot Open"]
[Site "Moscow"]
[Date "2004.02.25"]
[Round "9"]
[White "Alekseev, Evgeny"]
[Black "Efimenko, Zahar"]
[Result "1/2-1/2"]
[WhiteElo "2609"]
[BlackElo "2537"]
[PlyCount "39"]
[EventDate "2004.02.17"]
[Source "Roberto Alvarez"]
[SourceDate "2004.03.01"]

1. c4 Nf6 2. Nc3 g6 3. g3 Bg7 4. Bg2 O-O 5. e4 c5 6. Nge2 Nc6 7. d3 d6 8. O-O Ne8 9. Be3 Nd4 10. Rb1 a5 11. Qd2 Nc7 12. f4 Bg4 13. Nc1 Bd7 14. a4 Qc8 15. Nb5 Ncxb5 16. axb5 a4 17. Ra1 f5 18. Ra3 fxe4 19. Bxe4 Bh3 20. Re1 1/2-1/2

[Event "1st League TCh-SCG"]
[Site "Budva"]
[Date "2003.09.03"]
[Round "6"]
[White "Nevednichy, Vladislav"]
[Black "Nataf, Igor Alexandre"]
[Result "1/2-1/2"]
[WhiteElo "2593"]
[BlackElo "2549"]
[PlyCount "56"]
[EventDate "2003.08.29"]
[Source "Roberto Alvarez"]
[SourceDate "2003.10.27"]

1. c4 g6 2. Nc3 Bg7 3. g3 Nf6 4. Bg2 O-O 5. e4 c5 6. Nge2 Nc6 7. d3 Ne8 8. Be3 Nd4 9. Rb1 d6 10. O-O Nc7 11. b4 b6 12. Qd2 Bg4 13. f3 Bd7 14. h3 Rb8 15. f4 f5 16. bxc5 bxc5 17. Rxb8 Qxb8 18. Rb1 Nxe2+ 19. Qxe2 Qc8 20. Nd5 Nxd5 21. exd5 Qc7 22. Bd2 Bf6 23. g4 Rb8 24. Rb3 Rxb3 25. axb3 Qb6 26. Qd1 Qa6 27. Be3 Qa2 28. g5 Qa1 1/2-1/2

[Event "Ch Spain (team) (1 Div) (North)"]
[Site "Sabadell (Spain)"]
[Date "2007.08.18"]
[Round "5"]
[White "Teske Henrik (GER)"]
[Black "Flores Diego (ARG)"]
[Result "1/2-1/2"]
[WhiteElo "2578"]
[BlackElo "2560"]
[PlyCount "31"]
[EventDate "2007.??.??"]
[Source "www.chesslib.no"]
[SourceDate "2004.05.04"]

1. c4 g6 2. g3 Bg7 3. Bg2 d6 4. Nc3 Nf6 5. e4 c5 6. Nge2 Nc6 7. O-O O-O 8. d3 Bd7 9. a3 Ne8 10. Be3 Nc7 11. Rb1 a5 12. Qd2 Ne6 13. Nb5 a4 14. f4 Ned4 15. Nexd4 Nxd4 16. Nxd4 1/2-1/2

[Event "Europa ch 2008"]
[Site "Plovdiv BUL"]
[Date "2008.04.30"]
[Round "9.37"]
[White "Kovacevic, Aleksandar"]
[Black "Nedev, Trajko"]
[Result "1/2-1/2"]
[WhiteElo "2616"]
[BlackElo "2518"]
[PlyCount "68"]
[EventDate "2008.04.21"]
[Source "www.chesslib.no"]
[SourceDate "2004.05.04"]

1. c4 Nf6 2. Nc3 g6 3. e4 d6 4. Nge2 Bg7 5. g3 c5 6. Bg2 Nc6 7. O-O O-O 8. d3 Ne8 9. Be3 Nd4 10. Rb1 a5 11. a3 Bg4 12. f3 Bd7 13. Bf2 Nxe2+ 14. Nxe2 b5 15. cxb5 Bxb5 16. Nc3 Ba6 17. Re1 Nc7 18. d4 Ne6 19. d5 Nd4 20. b4 axb4 21. axb4 cxb4 22. Bxd4 bxc3 23. Bxg7 Kxg7 24. Qd4+ Kg8 25. Qxc3 Qd7 26. f4 Rfc8 27. Qd2 Bc4 28. Rb2 Qa7+ 29. Qf2 Qxf2+ 30. Kxf2 Ra2 31. Rxa2 Bxa2 32. Re2 Bb3 33. Ke3 Rc2 34. Rxc2 Bxc2 1/2-1/2

[Event "PA"]
[Site "Philadelphia, PA USA"]
[Date "1987.??.??"]
[Round "?"]
[White "Miles, Anthony J"]
[Black "Gulko, Boris F"]
[Result "0-1"]
[WhiteElo "2565"]
[BlackElo "2565"]
[PlyCount "60"]
[EventDate "1987.??.??"]
[Source "www.chesslib.no"]
[SourceDate "2004.05.04"]

1. c4 g6 2. e4 e5 3. Nc3 Bg7 4. g3 Ne7 5. Bg2 d6 6. Nge2 c5 7. d3 Nbc6 8. O-O O-O 9. a3 Nd4 10. b4 Bg4 11. f3 Be6 12. Rb1 Qd7 13. bxc5 dxc5 14. Nd5 Nxe2+ 15. Qxe2 Nc6 16. Be3 Nd4 17. Bxd4 cxd4 18. Rb5 Bxd5 19. Rxd5 Qe7 20. Qb2 Rfc8 21. f4 b6 22. Bh3 Rc7 23. a4 Rd8 24. Qb5 Rc5 25. Rxc5 bxc5 26. f5 Qc7 27. Rb1 Qe7 28. Kh1 Bf8 29. Qc6 Rd6 30. Qxc5 Rb6 0-1

[Event "Minsk op"]
[Site "?"]
[Date "1996.??.??"]
[Round "2"]
[White "Kochetkov Victor N"]
[Black "Lebedev Vasili"]
[Result "0-1"]
[WhiteElo "2560"]
[BlackElo "2560"]
[PlyCount "96"]
[EventDate "1996.??.??"]
[Source "www.chesslib.no"]
[SourceDate "2004.05.04"]

1. e4 c5 2. c4 Nc6 3. Nc3 g6 4. g3 Bg7 5. Bg2 d6 6. Nge2 e6 7. O-O Nge7 8. d3 O-O 9. a3 f5 10. Rb1 a5 11. Be3 e5 12. Qd2 Rf7 13. Bg5 Qf8 14. Nb5 h6 15. Be3 Rf6 16. h4 Nd4 17. Bxd4 cxd4 18. exf5 gxf5 19. f4 Qd8 20. Rfc1 Qb6 21. b4 a4 22. Kh2 Bd7 23. Qd1 Rff8 24. Rb2 Kh7 25. Rbc2 Ng8 26. Bh3 Nf6 27. Qg1 Rac8 28. Nbc3 Qc6 29. Nd1 Qf3 30. Nf2 Qh5 31. Bg2 Bc6 32. Bxc6 Rxc6 33. Qg2 Rfc8 34. Re1 b5 35. fxe5 dxe5 36. c5 Qf7 37. Nc1 Nd5 38. Qf3 Ne3 39. Rce2 Qe6 40. Nd1 e4 41. Qh1 Ng4+ 42. Kg1 e3 43. Qf3 Rf8 44. Rg2 Ne5 45. Qf1 Qd5 46. Ree2 Nf3+ 47. Kh1 f4 48. g4 Nxh4 0-1

[Event "Porto Carrras GRE, Open 2005"]
[Site "?"]
[Date "2005.04.24"]
[Round "4.1"]
[White "Miezis Normunds"]
[Black "Postny Evgeny"]
[Result "1-0"]
[WhiteElo "2564"]
[BlackElo "2556"]
[PlyCount "86"]
[EventDate "2005.??.??"]
[Source "www.chesslib.no"]
[SourceDate "2004.05.04"]

1. c4 e6 2. e4 c5 3. Nc3 Nc6 4. g3 g6 5. Bg2 Bg7 6. a3 Nge7 7. Nge2 O-O 8. Rb1 a5 9. O-O d6 10. d3 Rb8 11. Be3 Nd4 12. b4 axb4 13. axb4 b6 14. bxc5 dxc5 15. Bf4 e5 16. Be3 Bg4 17. f3 Bd7 18. Qd2 Nec6 19. Nd5 Nxe2+ 20. Qxe2 Nd4 21. Qd2 b5 22. f4 bxc4 23. dxc4 Rxb1 24. Rxb1 Be6 25. Kh1 Qa8 26. Bxd4 cxd4 27. c5 Rb8 28. Rf1 Qa3 29. fxe5 Qxc5 30. Rc1 Qa3 31. Nf6+ Kh8 32. Rd1 Qc3 33. Bf1 Qxd2 34. Rxd2 Rd8 35. Kg2 Bh6 36. Rb2 Kg7 37. Bd3 Bg5 38. Nd5 Bxd5 39. exd5 Rxd5 40. Rb5 Rd7 41. e6 Re7 42. exf7 Bf6 43. Bc4 h5 1-0

[Event "URS-FL"]
[Site "Ashkhabad"]
[Date "1978.??.??"]
[Round "7"]
[White "Kochiev, Aleksandr V"]
[Black "Tseshkovsky, Vitaly V"]
[Result "1/2-1/2"]
[WhiteElo "2555"]
[BlackElo "2550"]
[PlyCount "37"]
[EventDate "1978.10.??"]
[Source "www.chesslib.no"]
[SourceDate "2004.05.04"]

1. Nf3 c5 2. c4 g6 3. g3 Bg7 4. Bg2 Nc6 5. O-O e6 6. Nc3 Nge7 7. e3 O-O 8. d4 cxd4 9. Nxd4 Nxd4 10. exd4 d5 11. cxd5 Nxd5 12. Nxd5 exd5 13. Be3 Be6 14. Qd2 Qb6 15. Rac1 Rfc8 16. b3 Bf8 17. Rxc8 Rxc8 18. Rc1 Rxc1+ 19. Qxc1 1/2-1/2

[Event "KPMG Weekender, Zwolle NED"]
[Site "?"]
[Date "2001.??.??"]
[Round "3"]
[White "Miezis, N."]
[Black "Nijboer, F."]
[Result "1-0"]
[WhiteElo "2530"]
[BlackElo "2575"]
[PlyCount "75"]
[EventDate "2001.??.??"]
[Source "www.chesslib.no"]
[SourceDate "2004.05.04"]

1. c4 Nf6 2. Nc3 g6 3. e4 d6 4. g3 Bg7 5. Bg2 c5 6. Nge2 Nc6 7. a3 a5 8. d3 O-O 9. Rb1 Bd7 10. O-O Ne8 11. Bd2 Nc7 12. Nd5 Nxd5 13. exd5 Ne5 14. f4 Ng4 15. h3 Nf6 16. g4 b5 17. f5 Be8 18. Nc3 b4 19. Ne4 Nxe4 20. Bxe4 Rb8 21. a4 Bd7 22. Kg2 b3 23. Qe1 Ra8 24. Qh4 Bxa4 25. Bh6 Bd7 26. g5 Be5 27. f6 a4 28. Bg7 h5 29. Bf3 Qa5 30. Rf2 Bd4 31. Rbf1 Bf5 32. Bxh5 Bxf2 33. Rxf2 gxh5 34. Qxh5 Bh7 35. Qh6 Qe1 36. g6 fxg6 37. Bxf8 Kf7 38. Qxh7+ 1-0

[Event "Donner Memorial Open"]
[Site "Amsterdam NED"]
[Date "1995.??.??"]
[Round "4"]
[White "Hodgson, Julian M"]
[Black "Rytshagov, Mikhail"]
[Result "1-0"]
[WhiteElo "2615"]
[BlackElo "2485"]
[PlyCount "91"]
[EventDate "1995.08.??"]
[Source "www.chesslib.no"]
[SourceDate "2004.05.04"]

1. c4 c5 2. g3 Nf6 3. Bg2 Nc6 4. Nc3 g6 5. a3 Bg7 6. Rb1 O-O 7. b4 cxb4 8. axb4 e6 9. b5 Ne5 10. c5 d5 11. cxd6 Qxd6 12. Qb3 Rd8 13. Nh3 Nd5 14. Ba3 Qb6 15. Nxd5 exd5 16. Nf4 Bf5 17. d3 Qa5+ 18. Bb4 Qxb5 19. O-O Be6 20. Qa3 Qd7 21. Bc3 Rdc8 22. Rfc1 Rc7 23. Bb2 Rxc1+ 24. Rxc1 Nc6 25. Bxg7 Kxg7 26. Qb2+ Kg8 27. h4 h5 28. Rc5 Ne7 29. Qe5 b6 30. Rc7 Nc6 31. Rxd7 Nxe5 32. Rc7 Rb8 33. d4 Ng4 34. Nxd5 a5 35. Ne7+ Kf8 36. d5 Re8 37. Nc6 Bf5 38. e4 Bxe4 39. Bxe4 Rxe4 40. d6 Nf6 41. d7 Nxd7 42. Rxd7 a4 43. Ra7 b5 44. Kg2 f6 45. Ra5 g5 46. hxg5 1-0

[Event "Leiden zt playoff"]
[Site "Leiden NED"]
[Date "1982.05.15"]
[Round "6"]
[White "Stean, Michael F"]
[Black "Nunn, John D M"]
[Result "1/2-1/2"]
[WhiteElo "2505"]
[BlackElo "2590"]
[PlyCount "44"]
[EventDate "1982.05.??"]
[Source "www.chesslib.no"]
[SourceDate "2004.05.04"]

1. c4 Nf6 2. Nc3 g6 3. e4 d6 4. g3 c5 5. Bg2 Nc6 6. Nge2 Bg7 7. d3 Bg4 8. f3 Bd7 9. Be3 O-O 10. O-O Ne8 11. Rb1 Nc7 12. a3 a5 13. d4 cxd4 14. Nxd4 a4 15. Ndb5 Nxb5 16. cxb5 Ne5 17. Bd4 Be6 18. f4 Bb3 19. Qd2 Nc4 20. Qd3 Ne5 21. Qd2 Nc4 22. Qd3 Ne5 1/2-1/2

[Event "Korchnoi 70-aniv g15"]
[Site "S. Petersburgo"]
[Date "2001.??.??"]
[Round "1"]
[White "Taimanov, Mark"]
[Black "Kortschnoj, Viktor"]
[Result "1/2-1/2"]
[WhiteElo "2454"]
[BlackElo "2639"]
[PlyCount "25"]
[EventDate "2001.03.20"]
[Source "www.chesslib.no"]
[SourceDate "2004.05.04"]

1. c4 c5 2. Nc3 Nc6 3. g3 e5 4. Bg2 g6 5. a3 Bg7 6. Rb1 a5 7. e3 d6 8. Nge2 Be6 9. d3 Nge7 10. O-O O-O 11. Nd5 Rb8 12. Nec3 Nxd5 13. Bxd5 1/2-1/2

[Event "Kerteminde"]
[Site "Kerteminde"]
[Date "1991.??.??"]
[Round "6"]
[White "Hansen, Lars Bo"]
[Black "Hansen, Curt"]
[Result "0-1"]
[WhiteElo "2525"]
[BlackElo "2565"]
[PlyCount "92"]
[EventDate "1991.02.??"]
[Source "ChessBase"]

1. c4 c5 2. Nc3 g6 3. g3 Bg7 4. Bg2 d6 5. e4 Nc6 6. Nge2 Nf6 7. d3 Rb8 8. O-O a6 9. a4 O-O 10. Rb1 Bd7 11. Bg5 Ne8 12. Qd2 Nc7 13. Nd5 b5 14. axb5 axb5 15. cxb5 Rxb5 16. Nec3 Rb3 17. Nxc7 Qxc7 18. Nd5 Qd8 19. h4 Be6 20. Qc2 Nd4 21. Qd2 Bxd5 22. exd5 Bf6 23. Bxf6 exf6 24. h5 f5 25. h6 g5 26. f4 g4 27. Rfc1 Qf6 28. Rc3 Rbb8 29. Rc4 Rfe8 30. Re1 Qxh6 31. b4 Kg7 32. bxc5 dxc5 33. Rxc5 Qb6 34. Rxe8 Qxc5 35. Re3 Rb1+ 36. Kh2 Qb6 37. Re1 Rb2 38. Qc3 Rc2 39. Qa1 Qf6 40. Kh1 h5 41. Rc1 Rxc1+ 42. Qxc1 h4 43. Qe3 hxg3 44. Qe5 Qxe5 45. fxe5 f4 46. d6 Kf8 0-1

[Event "Cappelle op"]
[Site "Cappelle la Grande"]
[Date "1998.02.28"]
[Round "9"]
[White "Markowski, Tomasz"]
[Black "Hebden, Mark"]
[Result "1/2-1/2"]
[WhiteElo "2505"]
[BlackElo "2585"]
[PlyCount "99"]
[EventDate "1998.02.21"]
[Source "ChessBase"]
[SourceDate "1998.04.29"]

1. g3 g6 2. Bg2 Bg7 3. c4 Nf6 4. Nc3 O-O 5. d3 d6 6. e4 c5 7. Nge2 Nc6 8. O-O Rb8 9. h3 a6 10. a4 Ne8 11. Be3 e5 12. Nd5 Nc7 13. Nb6 Ne6 14. Nxc8 Rxc8 15. Nc3 Rb8 16. Nd5 f5 17. exf5 gxf5 18. Rb1 Qe8 19. f4 exf4 20. gxf4 Kh8 21. Kh2 Rg8 22. b4 Bd4 23. Bd2 Qg6 24. Qf3 Rg7 25. b5 axb5 26. cxb5 Rbg8 27. Bh1 Ne7 28. Nxe7 Rxe7 29. a5 Nc7 30. Bg2 Nxb5 31. Rbe1 Reg7 32. Re2 Bf6 33. Be3 Nd4 34. Bxd4 Bxd4 35. Rb1 Qh6 36. Kh1 Qh4 37. Qd5 Qh5 38. Qf3 Qxf3 39. Bxf3 Rg3 40. Bxb7 Rxh3+ 41. Rh2 Rxd3 42. Bd5 Re8 43. Bf7 Re7 44. Bc4 Rde3 45. Rb8+ Re8 46. Rxe8+ Rxe8 47. Ra2 d5 48. Bxd5 c4 49. Bxc4 Re4 50. Bd5 1/2-1/2

[Event "Chigorin Memorial"]
[Site "St. Petersburg"]
[Date "2004.10.19"]
[Round "4.1"]
[White "Kokarev, Dmitry"]
[Black "Efimenko, Zahar"]
[Result "1/2-1/2"]
[WhiteElo "2495"]
[BlackElo "2594"]
[PlyCount "52"]
[EventDate "2004.10.15"]
[Source "Roberto Alvarez"]
[SourceDate "2004.11.08"]

1. g3 Nf6 2. Bg2 g6 3. c4 Bg7 4. Nc3 O-O 5. e4 c5 6. Nge2 Nc6 7. d3 d6 8. O-O Ne8 9. Be3 Nd4 10. Rb1 a5 11. a3 a4 12. Bxd4 cxd4 13. Nxa4 Bd7 14. b3 Qa5 15. Nb2 Qxa3 16. Ra1 Qxa1 17. Qxa1 Rxa1 18. Rxa1 Nc7 19. Ra7 Ne6 20. b4 Rb8 21. b5 Nc5 22. Nf4 Kf8 23. Na4 Ke8 24. Nxc5 dxc5 25. Nd5 Kd8 26. Nb6 e5 1/2-1/2